The Pretender- Lewis Capaldi Lyrics - Statistics

General Stats
  • This quiz has been taken 13 times
  • The average score is 358 of 369
Answer Stats
Answer % Correct
a
100%
all
100%
almost
100%
am
100%
an
100%
and
100%
at
100%
away
100%
be
100%
Be
100%
behind
100%
being
100%
best
100%
can
100%
designed
100%
do
100%
edge
100%
even
100%
everything
100%
expect
100%
eyes
100%
falling
100%
feel
100%
feeling
100%
fool
100%
from
100%
further
100%
good
100%
I
100%
i'll
100%
i'm
100%
I'm
100%
impression
100%
in
100%
is
100%
Is
100%
just
100%
knife
100%
know
100%
lie
100%
light
100%
like
100%
me
100%
my
100%
no
100%
not
100%
of
100%
on
100%
over
100%
Pretender
100%
pretender
100%
pull
100%
see
100%
seeming
100%
so
100%
spend
100%
tell
100%
that
100%
the
100%
time
100%
to
100%
want
100%
what
100%
who
100%
ya
100%
you
100%
anybody
86%
but
86%
cause
86%
cry
86%
decieve
86%
don't
86%
easy
86%
faces
86%
fake
86%
hell
86%
if
86%
it
86%
it's
86%
laugh
86%
make
86%
mess
86%
million
86%
mind
86%
need
86%
never
86%
one
86%
say
86%
shoulder
86%
show
86%
truth
86%
underneath
86%
wear
86%
will
86%
wool
86%
words
86%
yeah
86%
your
86%
fraud
71%
imposter
71%
instilled
71%
mender
71%
part
71%
play
71%
room
71%
always
57%
found
57%
No matching quizzes found
Score Distribution
Percent of People with Each Score
Percentile by Number Answered
Your Score History
You have not taken this quiz